书目信息 |
| 题名: |
恨,友谊,追求,爱情,婚姻
|
|
| 作者: | 门罗 著 | |
| 分册: | ||
| 出版信息: | 南京 译林出版社 2013 |
|
| 页数: | 347页 | |
| 开本: | 23cm | |
| 丛书名: | ||
| 单 册: | ||
| 中图分类: | I711.45 | |
| 科图分类: | ||
| 主题词: | 文学 | |
| 电子资源: | ||
| ISBN: | 7-5447-4572-4 | |
| 000 | 00562nam0 2200193 450 | |
| 001 | 139167 | |
| 005 | 20140910135429.40 | |
| 010 | @a7-5447-4572-4@dCNY 32.00 | |
| 100 | @a20140910d2013 km y0chiy0120 ea | |
| 101 | 0 | @achi |
| 102 | @aCN@b320000 | |
| 200 | 1 | @a恨,友谊,追求,爱情,婚姻@Ahen,you yi,zhui qiu,ai qing,hun yin@f门罗著@Fmen luo zhu |
| 210 | @a南京@c译林出版社@d2013 | |
| 215 | @a347页@d23cm | |
| 606 | 0 | @a文学 |
| 690 | @aI711.45@v4 | |
| 701 | 0 | @a门罗@Amen luo@4著 |
| 801 | 0 | @aCN@b大连网信软件有限公司图书馆·11@c20140910 |
| 905 | @a241430@dI711.45@eM5554 | |
| 恨,友谊,追求,爱情,婚姻/门罗著.-南京:译林出版社,2013 |
| 347页;23cm |
| ISBN 7-5447-4572-4:CNY 32.00 |
| ● |
| 相关链接 |
|
|
|
正题名:恨,友谊,追求,爱情,婚姻
索取号:I711.45/M5554
 
预约/预借
| 序号 | 登录号 | 条形码 | 馆藏地/架位号 | 状态 | 备注 |
| 1 | 0829497 | 208294978 | 社科二线400B/400B社科库 5排1列1层/ [索取号:I711.45/M5554] | 在馆 | |
| 2 | 0829498 | 208294987 | 文学库116/116文学库 25排2列2层/ [索取号:I711.45/M5554] | 在馆 | |
| 3 | 0829499 | 208294996 | 社科二线400B/400B社科库 5排2列1层/ [索取号:I711.45/M5554] | 在馆 | |
| 4 | 0829500 | 208295003 | 社科二线400B/400B社科库 4排4列3层/ [索取号:I711.45/M5554] | 在馆 | |
| 5 | 0829501 | 208295012 | 文学库116/116文学库 25排2列2层/ [索取号:I711.45/M5554] | 在馆 |